Le pain de misere : histoire du mouvement ouvrier juif en Europe

Αποθηκεύτηκε σε:
Λεπτομέρειες βιβλιογραφικής εγγραφής
Κύριος συγγραφέας: Weinstock, Nathan
Μορφή: Βιβλίο
Γλώσσα:French
Δημοσίευση: Paris : La Decouverte, 1984-1986
Σειρά:Textes a l'appui
Θέματα:
Ετικέτες: Προσθήκη ετικέτας
Δεν υπάρχουν, Καταχωρήστε ετικέτα πρώτοι!

MARC

LEADER 00000cam a2200000 i 4500
001 1/1925
008 950607m19841986 fre d
020 |a 2-7071-1471-5 
035 |l 10014630 
040 |a GR-MY-UA  |b gre  |e aacr 
041 0 |a fre 
082 0 |a 331.88089924 
100 1 |a Weinstock, Nathan. 
245 1 3 |a Le pain de misere :  |b histoire du mouvement ouvrier juif en Europe /  |c Nathan Weinstock 
260 |a Paris :   |b La Decouverte,   |c 1984-1986 
300 |a 3 v.;  |c 22 cm 
490 1 |a Textes a l'appui 
504 |a Includes bibliographical references and index 
505 0 |a t. 1: L'Empire russe jusqu'en 1914t. 1: L'Europe centrale et occidentale jusqu;en 1914t. 3: L'Europe centrale et occidentale 1914-1945 
650 0 0 |a Jewish labor unions  |x History. 
830 0 |a Textes a l'appui 
852 |a INST  |b LESVOS  |e 19950607  |h 331.88089924 WEI  |p 005100000146  |q 005100000146  |t BK  |y 0  |z v.3 
852 |a INST  |b LESVOS  |e 19950607  |h 331.88089924 WEI  |p 005100000147  |q 005100000147  |t BK  |y 0  |z v.1 
852 |a INST  |b LESVOS  |e 19950804  |h 331.88089924 WEI  |p 005100007579  |q 005100007579  |t BK  |y 0  |z v.2. 
852 |a INST  |b LESVOS  |e 19950607  |h 331.88089924 WEI  |p 005100000146  |q 005100000146  |t BK  |v v.3:  |y 0  |z v.3 
852 |a INST  |b LESVOS  |e 19950607  |h 331.88089924 WEI  |p 005100000147  |q 005100000147  |t BK  |v v.1:  |y 0  |z v.1 
852 |a INST  |b LESVOS  |e 19950804  |h 331.88089924 WEI  |p 005100007579  |q 005100007579  |t BK  |v v.2.:  |y 0  |z v.2. 
853 |a INST  |b LESVOS  |h 331.88089924 WEI 
909 |a Λ  |b 021269 
909 |a Λ  |b 021268 
909 |a Λ  |b 021270 
922 |a 1ΕΛΗ  |b 199110  |c ΠΠ/1110